|
|
|
|
| LEADER |
00000nam a22000007a 4500 |
| 005 |
2017030900270.0 |
| 007 |
cr|||| |||| |
| 008 |
170309s2016 es |||||s|||| 00||0 spa d |
| 020 |
|
|
|a 978-84-9148-021-1
|
| 035 |
|
|
|a 14801
|
| 040 |
|
|
|a vLex
|
| 090 |
|
|
|c 6590
|d 6590
|
| 100 |
1 |
|
|a Rodrg̕uez Merino, Jos ̌Mara̕
|
| 245 |
1 |
0 |
|a Bioťica y derecho emergentes
|h [Recurso electrn̤ico] /
|c Jos ̌Mara̕ Rodrg̕uez Merino
|n 2® Edicin̤
|
| 250 |
|
|
|a 2® Edicin̤
|
| 256 |
|
|
|a Servicio en ln̕ea
|
| 260 |
|
|
|a Madrid:
|b Dykinson,
|c 2016
|
| 300 |
|
|
|a 1 recurso electrn̤ico
|
| 500 |
|
|
|a La emergencia de nuevas bioťicas y derechos sociales y virtuales constituye el tema conductor de la segunda edicin̤ de Bioťica y derechos emergentes. Ambas son complementarias de la Bioťica cln̕ica. La tensin̤ esencial que se genera entre el progreso del conocimiento cientf̕ico-tecnolg̤ico, los avances biomďicos y los principios ťicos, dan como resultado nuevas valoraciones ťicas y legales. Esta emergencia se lleva cabo por los progresos biotecnolg̤icos, los avances en genťica -edicin̤-, las novedades en neuroťica y se materializa en el afloramiento de la nueva ťica de la alimentacin̤, en la convivencia con la discapacidad, en el reto que plantea la nueva sociedad colaborativa-va̕ Internet-, en la eclosin̤ de los nuevos grupos religiosos, en la formacin̤ continuada y en la deliberacin̤ como mťodo en situaciones complejas. Algunos ejemplos de esta emergencia bioťica y legal son: la intimidad genťica, la autonoma̕, la igualdad, la solidaridad, la integridad, la vulnerabilidad y la responsabilidad con el medio ambiente, especialmente en la ecologa̕ celular. Sin olvidar derechos tan emergentes como: la limitacin̤ a la excesiva medicalizacin̤, el tratamiento a la progresiva psiquiatrizacin̤ de la sociedad, la prevencin̤ de alertas en la salud pb︢lica, las vacunaciones masivas e indiscriminadas o los siempre renacidos derechos de los pobres, discapacitados o db̌iles.
|
| 506 |
1 |
|
|a Disponible solo en los productos indicados
|d vLex Global
|d vLex Global (Academic Edition, excluding Law Schools)
|d vLex Global (U.S. Academic Edition, Law Schools)
|d vLex Global (U.S. Academic Edition, excluding Law Schools)
|d vLex Global (Academic Edition, Law Schools)
|
| 650 |
0 |
4 |
|a Derecho Civil
|z Espaą
|
| 650 |
0 |
4 |
|a Ciencias sociales
|z Espaą
|
| 650 |
0 |
4 |
|a Filosofa̕ y religin̤
|z Espaą
|
| 740 |
0 |
|
|a vLex Libros (Servicio en ln̕ea)
|
| 856 |
4 |
0 |
|u http://vlex.com/source/bioetica-y-derecho-emergentes-2-edicion-14801
|z Acceso restringido
|
| 942 |
|
|
|c BOOK
|
| 999 |
0 |
|
|a Civil Law
|
| 999 |
0 |
|
|a Social sciences
|
| 999 |
0 |
|
|a Philosophy and religion
|